Recursive methods in economic dynamics /

Bibliographic Details
Main Author: Stokey, Nancy L.
Other Authors: Lucas, Robert E., Prescott, Edward C.
Format: Book
Language:English
Published: Cambridge, Mass. : Harvard University Press, 1989.
Subjects:
Classic Catalogue: View this record in Classic Catalogue
LEADER 02686nam a2200337 a 4500
001 0021553
003 BD-DhAAL
008 101206s1989 maua b 001 0 eng d
010 |a  88037681  
020 |a 0674750969 (alk. paper) 
040 |a DLC  |c DLC  |d DLC  |d BD-DhAAL 
082 0 0 |a 330.0151  |2 19 
100 1 |a Stokey, Nancy L.  |9 59521 
245 1 0 |a Recursive methods in economic dynamics /  |c Nancy L. Stokey, Robert E. Lucas with Edward C. Prescott. 
260 |a Cambridge, Mass. :  |b Harvard University Press,  |c 1989. 
300 |a xviii, 588 p. :  |b ill. ;  |c 25 cm 
504 |a Includes bibliographical references (pages 563-573) and index. 
526 |a ESS  |x Haydory Akbar Ahmed Lecturer (Former) Department of Economics and Social Sciences BRAC University 
541 1 |e 00021553  |a Karim International 
650 0 |a Economics, Mathematical. 
650 0 |a Recursive functions.  |9 59518 
700 1 |a Lucas, Robert E.  |9 53862 
700 1 |a Prescott, Edward C.  |9 59522 
852 4 |a Ayesha Abed Library   |c General Stacks 
942 |2 ddc  |c BK 
999 |c 10164  |d 10164 
952 |0 0  |1 0  |2 ddc  |4 0  |6 330_015100000000000_STO  |7 0  |9 13504  |a BRACUL  |b BRACUL  |c GEN  |d 2010-12-07  |e Karim International  |g 5550.00  |l 1  |m 19  |o 330.0151 STO  |p 3010021553  |r 2019-05-12  |s 2018-12-19  |t 1  |v 11100.00  |w 2010-12-07  |y BK  |x Requisitioned by Haydory Akbar Ahmed (Lecturer (Former), Department of Economics and Social Sciences, BRAC University). 
952 |0 0  |1 0  |2 ddc  |4 0  |6 330_015100000000000_STO  |7 0  |9 13508  |a BRACUL  |b BRACUL  |c GEN  |d 2010-12-07  |e Karim International  |g 5550.00  |l 0  |o 330.0151 STO  |p 3010021554  |r 2010-12-07  |t 2  |v 11100.00  |w 2010-12-07  |y BK  |x Requisitioned by Haydory Akbar Ahmed (Lecturer (Former), Department of Economics and Social Sciences, BRAC University). 
952 |0 0  |1 0  |2 ddc  |4 0  |6 330_015100000000000_STO  |7 0  |9 13509  |a BRACUL  |b BRACUL  |c GEN  |d 2010-12-07  |e Karim International  |g 5550.00  |l 2  |m 14  |o 330.0151 STO  |p 3010021555  |r 2015-03-20  |s 2014-06-18  |t 3  |v 11100.00  |w 2010-12-07  |y BK  |x Requisitioned by Haydory Akbar Ahmed (Lecturer (Former), Department of Economics and Social Sciences, BRAC University). 
952 |0 0  |1 0  |2 ddc  |4 0  |6 330_015100000000000_STO  |7 0  |9 13530  |a BRACUL  |b BRACUL  |c GEN  |d 2010-12-08  |e Karim International  |g 5550.00  |l 2  |m 17  |o 330.0151 STO  |p 3010021557  |r 2024-02-01  |s 2024-02-01  |t 4  |v 11100.00  |w 2010-12-08  |y BK  |x Requisitioned by Haydory Akbar Ahmed (Lecturer (Former), Department of Economics and Social Sciences, BRAC University). 
952 |0 0  |1 0  |2 ddc  |4 0  |6 330_015100000000000_STO  |7 0  |9 13531  |a BRACUL  |b BRACUL  |c GEN  |d 2010-12-08  |e Karim International  |g 5550.00  |l 0  |o 330.0151 STO  |p 3010021556  |r 2010-12-08  |t 5  |v 11100.00  |w 2010-12-08  |y BK  |x Requisitioned by Haydory Akbar Ahmed (Lecturer (Former), Department of Economics and Social Sciences, BRAC University).